000
00261nam a2200097Ia 4500
001
1253006
005
20251031150945.0
008
251031s9999 xx 000 0 und d
245
0
_c
MUSTAFA ORAKÇI
_a
V-12 LEVENT HATIRLA BİZİ OSMAN
260
_b
TİMAŞ YAYINLARI
999
_c
1253006
_d
1253006